000 00712nam a22002297a 4500
999 _c376258
_d376258
001 90094
003 UA-OsUOA
005 20200109122624.0
007 ta
008 20121113b un ||||| |||| 00| 0 ukr d
040 _aUA-OsUOA
_bukr
_cUA-OsUOA
_dUA-OsUOA
041 _aukr
080 _a821.161.2
090 _a821.161.2
_bК84
100 _aКрушельницький А.
245 _aДужим помахом крил: роман із часів визвольних змагань 1918-1920 рр.
_n2
260 _aЛьвів
_bЧервона калина
_c1992
300 _a219 с.
650 7 _a82 Література. Літературознавство
_2UDC
942 _cBK
_2udc
955 _a3